000 00227nam a2200085 4500
001 1254993
005 20251202111921.0
245 _aSHERLOCK HOLMESUN MACERALARI
_cSIR ARTHUR CONAN DOYLE
260 _bTÜRKİYE İŞ BANKASI YAYINLARI
999 _c1254993
_d1254993